Statistics for All Manchester City Managers Ever

Click here to take the quiz!

General Stats

  • This quiz has been taken 29 times
  • The average score is 6 of 42

Answer Stats

Years Manager % Correct
2016—Pep Guardiola
96%
2013-2016Manuel Pellegrini
92%
2009-2013Roberto Mancini
79%
2007-2008Sven-Göran Eriksson
63%
2008-2009Mark Hughes
63%
2001-2005Kevin Keegan
46%
1998-2001Joe Royle
33%
2005-2007Stuart Pearce
29%
1971-1973Malcolm Allison
13%
1996Steve Coppell
13%
1995-1996Alan Ball
13%
1980-1983John Bond
13%
1990-1993Peter Reid
13%
1965-1971Joe Mercer
13%
1989-1990Howard Kendall
8%
1983-1986Billy McNeill
4%
1974-1979Tony Book
4%
1973Johnny Hart
4%
1946-1947Sam Cowan
4%
1950-1963Les McDowall
4%
1947-1950Jock Thomson
4%
1987-1989Mel Machin
4%
1996-1998Frank Clark
4%
1893-1895Joshua Parlby
4%
1986-1987Jimmy Frizzell
4%
1993-1995Brian Horton
0%
1880-1882Frederick Hopkinson
0%
1983John Benson
0%
1882-1884Jack McGee
0%
1963-1965George Poyser
0%
1932-1946Wilf Wild
0%
1926-1932Peter Hodge
0%
1924-1925David Ashworth
0%
1912-1924Ernest Mangnall
0%
1906-1912Harry Newbould
0%
1902-1906Tom Maley
0%
1895-1902Sam Omerod
0%
1889-1893Lawrence Furniss
0%
1887-1889Walter Chew
0%
1884-1887Edward Kitchen
0%
1973-1974Ron Saunders
0%

Score Distribution

Percentile by Number Answered

Percent of People with Each Score

Your Score History

You have not taken this quiz